00894 2200313 4500001002100000005001500021035002000036007000300056008004100059020002200100082001200122084001400134100002300148245005300171250002600224300004000250650001500290700003200305264003500337336002100372337003000393338002300423040002200446090002200468850001200490504003400502999002200536990002200558INLIS00000000089476320250408120325 a0010-0425000012ta250408s2017 yoia g ind d a978-602-6338-72-304223a410 a410 ZAM y0 aZamzaniePengarang10aYang penting wacana /cZamzani, Yayuk Eni Rahayu aCetakan pertama, 2017 aviii, 147 halaman :btabel ;c23 cm 4aLinguistik0 aYayuk Eni RahayuePengarang31aYogyakarta :bUNY Press,c2017 2rdacontentateks 2rdamediaatanpa perantara 2rdacarrieravolume aYOPDYOGbinderda aCB-D.11 2017-3494 aYOPDYOG aBibliografi : halaman 139-143 aCB-D.11/2017-3494 aCB-D.11/2017-3494